Catálogo
 En Linea

L'Oscillographe cathodique et ses applications / (Registro nro. 1241)

Detalles MARC
000 -CABECERA
campo de control de longitud fija 00640cam a2200181 a 4500
001 - NÚMERO DE CONTROL
campo de control 000001303
005 - FECHA Y HORA DE LA ÚLTIMA TRANSACCIÓN
campo de control 20200929145533.0
008 - DATOS DE LONGITUD FIJA--INFORMACIÓN GENERAL
campo de control de longitud fija 840106s1968 fr a 001 0 fre
040 ## - FUENTE DE LA CATALOGACIÓN
Centro catalogador/agencia de origen DO-SdBNP
Lengua de catalogación spa
Centro/agencia transcriptor BNPHU
082 ## - NÚMERO DE LA CLASIFICACIÓN DECIMAL DEWEY
Número de clasificación 621.3747
Número de documento/Ítem R233ó
100 1# - ENTRADA PRINCIPAL--NOMBRE DE PERSONA
Nombre de persona Rateau, Rene.
9 (RLIN) 4404
245 12 - MENCIÓN DE TÍTULO
Título L'Oscillographe cathodique et ses applications /
Mención de responsabilidad, etc. Rene Rateau.
260 ## - PUBLICACIÓN, DISTRIBUCIÓN, ETC.
Lugar de publicación, distribución, etc. París :
Nombre del editor, distribuidor, etc. Presses universitaires de France,
Fecha de publicación, distribución, etc. 1968.
300 ## - DESCRIPCIÓN FÍSICA
Extensión 128 p. :
Otras características físicas il. ;
Dimensiones 18 cm.
490 1# - MENCIÓN DE SERIE
Mención de serie Le point des connaissances actuelles ;
Designación de volumen o secuencia no. 1297
650 #4 - PUNTO DE ACCESO ADICIONAL DE MATERIA--TÉRMINO DE MATERIA
Término de materia o nombre geográfico como elemento de entrada Oscilógrafo de rayos catódicos
9 (RLIN) 4405
830 #0 - PUNTO DE ACCESO ADICIONAL DE SERIE-TÍTULO UNIFORME
Título uniforme Le point des connaissances actuelles ;
Designación de volumen o secuencia no. 1297
9 (RLIN) 4406
Existencias
Estado de retiro Estado de pérdida Restricciones de uso No para préstamo Código de colección Localización permanente Ubicación/localización actual Ubicación en estantería Fecha de adquisición Fuente de adquisición Número de inventario Total de préstamos Signatura topográfica completa Código de barras Fecha visto por última vez Precio válido a partir de Tipo de ítem Koha
    Préstamo interno   Monografías: Libros y Folletos General General Depósito 02.09.2009 002344 LF1   621.3747 R233ó 1303-10 25.06.2020 25.06.2020 Préstamo interno

Con tecnología Koha